[Event "BL 0708 SC Kreuzberg - SK Zehlendorf"]
[Site "?"]
[Date "2007.12.07"]
[Round "7.6"]
[White "Kalinitschew, Sergey"]
[Black "Prohaszka, Peter"]
[Result "0-1"]
[WhiteElo "2489"]
[BlackElo "2470"]
[PlyCount "114"]
[EventDate "2007.??.??"]

1. e4 c6 2. d4 d5 3. e5 Bf5 4. Nf3 e6 5. Be2 Nd7 6. O-O h6 7. Nbd2 Ne7 8. Ne1
c5 9. c3 Nc6 10. Ndf3 Qb6 11. b3 Be7 12. Be3 O-O 13. a3 a5 14. Nd3 cxd4 15.
cxd4 Rfc8 16. Qd2 Na7 17. b4 axb4 18. axb4 Bxd3 19. Bxd3 Bxb4 20. Qe2 Nc6 21.
Rab1 Qa7 22. h4 Bc3 23. Rfd1 Nb4 24. Bb5 Nf8 25. Nh2 Ng6 26. g3 Ne7 27. g4 Qa2
28. Qf1 Nc2 29. Nf3 Na3 30. Rbc1 Nxb5 31. Qxb5 Qa6 32. Qb3 Ba5 33. Rb1 b6 34.
Qa3 Ra7 35. Qd6 h5 36. Rdc1 hxg4 37. Rxc8+ Qxc8 38. Rc1 Qe8 39. Ng5 Nf5 40. Qc6
Qxc6 41. Rxc6 Ne7 42. Rd6 b5 43. Bd2 Nc8 44. Rc6 Rc7 45. Rxc7 Bxc7 46. f3 Bb6
47. Bc3 Bd8 48. fxg4 Bxg5 49. hxg5 Kh7 50. Kf2 Kg6 51. Bd2 Nb6 52. Ke2 Nc4 53.
Bf4 b4 54. Kd3 Na3 55. Bc1 Nb5 56. Bd2 b3 57. Be3 b2 0-1

[Event "BL 0708 SC Kreuzberg - SK Zehlendorf"]
[Site "?"]
[Date "2007.12.07"]
[Round "7.7"]
[White "Meister, Jakov"]
[Black "Volke, Karsten"]
[Result "0-1"]
[WhiteElo "2491"]
[BlackElo "2472"]
[PlyCount "142"]
[EventDate "2007.??.??"]

1. e4 e5 2. Nf3 Nc6 3. Bb5 a6 4. Ba4 Nf6 5. Qe2 b5 6. Bb3 Be7 7. c3 O-O 8. O-O
d5 9. d3 Bb7 10. Rd1 Re8 11. Bg5 Na5 12. Bc2 Nh5 13. Be3 Bf6 14. b4 Nc6 15.
exd5 Nf4 16. Qf1 Nxd5 17. a4 Nce7 18. d4 e4 19. Nfd2 Nf5 20. Qe2 Nfxe3 21. fxe3
Bg5 22. Nf1 Qd7 23. axb5 axb5 24. Rxa8 Bxa8 25. Bb3 g6 26. Rc1 Bc6 27. Nbd2 h5
28. c4 Nxb4 29. cxb5 Bxb5 30. Bc4 Bxc4 31. Nxc4 Nd3 32. Rd1 Qd5 33. Qc2 Rb8 34.
Qc3 c5 35. dxc5 Qxc5 36. Qd4 Qxd4 37. exd4 Rd8 38. Nce3 Rxd4 39. Rb1 Rb4 40.
Rxb4 Bxe3+ 41. Nxe3 Nxb4 42. Kf2 f5 43. g3 Kf7 44. h4 Ke6 45. Ke2 Ke5 46. Nc4+
Kd4 47. Na5 Kd5 48. Ke3 Nc2+ 49. Kd2 Na3 50. Ke2 Nc4 51. Nb3 Ke5 52. Nc5 f4 53.
gxf4+ Kxf4 54. Ne6+ Kg4 55. Nf8 Kxh4 56. Nxg6+ Kg3 57. Ne7 h4 58. Nf5+ Kg4 59.
Nd4 Nd6 60. Kf2 Nf5 61. Nc6 Kf4 62. Kg2 e3 63. Nb4 Ke4 64. Kf1 Kf3 65. Nd3 Ng3+
66. Kg1 Ne2+ 67. Kh2 Nf4 68. Ne5+ Ke4 69. Nc4 e2 70. Nd2+ Ke3 71. Nf1+ exf1=B
0-1

[Event "BL 0708 SC Kreuzberg - SK Zehlendorf"]
[Site "?"]
[Date "2007.12.07"]
[Round "7.8"]
[White "Schilow, Vladimir"]
[Black "Berger, Steve"]
[Result "1/2-1/2"]
[WhiteElo "2400"]
[BlackElo "2410"]
[PlyCount "72"]
[EventDate "2007.??.??"]

1. d4 e6 2. Nf3 Nf6 3. g3 b5 4. Bg2 Bb7 5. O-O c5 6. Bg5 h6 7. Bxf6 Qxf6 8. c3
Qd8 9. a4 b4 10. a5 Na6 11. Nbd2 bxc3 12. bxc3 cxd4 13. cxd4 Bb4 14. Ne5 Bxg2
15. Kxg2 O-O 16. Ndf3 Rb8 17. Qa4 Rb7 18. Rfb1 Qc7 19. Rc1 Qd6 20. Rab1 Qd5 21.
Nd3 Rfb8 22. Nxb4 Nxb4 23. Rc5 Qe4 24. Rb2 Nc6 25. Rxb7 Rxb7 26. Rb5 Rxb5 27.
Qxb5 Qd5 28. Qb7 Qxa5 29. Qxd7 Qd5 30. Qe8+ Kh7 31. Qxf7 a5 32. Qf4 a4 33. e4
Qa5 34. d5 Ne7 35. Qf7 a3 36. Ng5+ hxg5 1/2-1/2

[Event "BL 0708 Bindl-Aktionär - Erfurter SK"]
[Site "?"]
[Date "2007.12.07"]
[Round "7.2"]
[White "Baklan, Vladimir"]
[Black "Votava, Jan"]
[Result "1/2-1/2"]
[WhiteElo "2639"]
[BlackElo "2546"]
[PlyCount "64"]
[EventDate "2007.??.??"]

1. e4 e5 2. Nf3 Nc6 3. Bb5 a6 4. Ba4 Nf6 5. Qe2 Be7 6. c3 d6 7. d4 Bd7 8. d5
Nb8 9. Bc2 c6 10. c4 b5 11. b3 O-O 12. O-O bxc4 13. bxc4 cxd5 14. cxd5 Bb5 15.
Bd3 Bxd3 16. Qxd3 Nbd7 17. Ba3 Qa5 18. Nbd2 Rfc8 19. Rfc1 Nc5 20. Bxc5 Rxc5 21.
Rxc5 Qxc5 22. h3 Bd8 23. Nc4 Bb6 24. Nxb6 Qxb6 25. Rb1 Qc7 26. Rb4 Qc1+ 27. Kh2
h6 28. Rc4 Qb2 29. Rc2 Qb5 30. Rc4 Qb2 31. Rc2 Qb5 32. Rc4 Qb2 1/2-1/2

[Event "BL 0708 Bindl-Aktionär - Erfurter SK"]
[Site "?"]
[Date "2007.12.07"]
[Round "7.5"]
[White "Machelett, Heiko"]
[Black "Slobodjan, Roman"]
[Result "0-1"]
[WhiteElo "2430"]
[BlackElo "2547"]
[PlyCount "64"]
[EventDate "2007.??.??"]

1. d4 d5 2. c4 e6 3. Nc3 c5 4. cxd5 exd5 5. Nf3 Nc6 6. g3 Nf6 7. Bg2 Be7 8. O-O
cxd4 9. Nxd4 O-O 10. b3 Re8 11. Bb2 Bf8 12. Rc1 Bg4 13. Re1 Rc8 14. Nxc6 bxc6
15. Qd3 Bh5 16. Na4 Ne4 17. f3 Nd6 18. Qa6 Qd7 19. Nc5 Qe7 20. Qd3 Bg6 21. Qd2
Nc4 22. bxc4 Qxc5+ 23. Kh1 dxc4 24. e4 f6 25. Bf1 Bf7 26. Qd4 Qxd4 27. Bxd4 Bb4
28. Bc3 c5 29. Red1 Kf8 30. Kg2 Red8 31. Rxd8+ Rxd8 32. Bxb4 cxb4 0-1

[Event "BL 0708 Bindl-Aktionär - Erfurter SK"]
[Site "?"]
[Date "2007.12.07"]
[Round "7.1"]
[White "Kraemer, Martin"]
[Black "Navara, David"]
[Result "1/2-1/2"]
[WhiteElo "2436"]
[BlackElo "2656"]
[PlyCount "114"]
[EventDate "2007.??.??"]

1. d4 d5 2. c4 e6 3. Nc3 a6 4. cxd5 exd5 5. Nf3 c6 6. Bg5 Be7 7. Bxe7 Nxe7 8.
e3 Bg4 9. h3 Bh5 10. Qb3 Qc8 11. Bd3 Nd7 12. O-O-O Qc7 13. Kb1 Bg6 14. Bxg6
hxg6 15. Rc1 Nb6 16. e4 dxe4 17. Ne5 Nf5 18. Nxf7 Nxd4 19. Qd1 Kxf7 20. Qxd4
Rad8 21. Qxe4 Rhe8 22. Qb4 Nd5 23. Qb3 Qb6 24. Qxb6 Nxb6 25. Rcd1 Nc4 26. Kc2
b5 27. Rxd8 Rxd8 28. Ne4 Rd5 29. Re1 g5 30. Re2 a5 31. Nc3 Rd4 32. Ne4 Kg6 33.
Nc5 Nd6 34. b3 Rd5 35. Nd3 Kf6 36. a3 c5 37. f4 Nf5 38. Re5 gxf4 39. Rxd5 Ne3+
40. Kd2 Nxd5 41. Nxc5 Ke5 42. a4 bxa4 43. bxa4 Ne3 44. Nb3 Nxg2 45. Nxa5 f3 46.
Nb3 Kf4 47. a5 Ne3 48. Ke1 Kg3 49. Nd2 Nc2+ 50. Kf1 Ne3+ 51. Ke1 Nc2+ 52. Kf1
Nb4 53. h4 Na6 54. Ne4+ Kf4 55. Nd2 Nc5 56. Kf2 Nd3+ 57. Kf1 Nc5 1/2-1/2

[Event "BL 0708 Bindl-Aktionär - Erfurter SK"]
[Site "?"]
[Date "2007.12.07"]
[Round "7.3"]
[White "Haba, Petr"]
[Black "Baramidze, David"]
[Result "1/2-1/2"]
[WhiteElo "2525"]
[BlackElo "2569"]
[PlyCount "92"]
[EventDate "2007.??.??"]

1. d4 d5 2. c4 c6 3. Nf3 Nf6 4. Nc3 e6 5. Bg5 h6 6. Bxf6 Qxf6 7. Qc2 Nd7 8. e4
dxe4 9. Qxe4 Qd8 10. Bd3 Nf6 11. Qe3 Be7 12. O-O Qc7 13. Rfe1 O-O 14. Ne4 b6
15. Ne5 Rd8 16. Nxc6 Qxc6 17. Nxf6+ Bxf6 18. Be4 Qxc4 19. Bxa8 Bxd4 20. Qc1 Ba6
21. Bf3 Qb4 22. Rd1 Rc8 23. Qd2 Qxd2 24. Rxd2 e5 25. Rad1 Kf8 26. b3 Ke7 27.
Be4 Ke6 28. Rc2 Rxc2 29. Bxc2 Bb7 30. Kf1 g5 31. f3 f5 32. Ke2 h5 33. Bd3 a5
34. Bc4+ Kf6 35. a3 g4 36. b4 axb4 37. axb4 Kg5 38. Rd3 h4 39. h3 gxh3 40. gxh3
Kf4 41. b5 Bc8 42. Ra3 Bb7 43. Be6 Bc5 44. Rd3 Bd4 45. Ra3 Bc5 46. Rd3 Bd4
1/2-1/2

[Event "BL 0708 Bindl-Aktionär - Erfurter SK"]
[Site "?"]
[Date "2007.12.07"]
[Round "7.4"]
[White "Bindrich, Falko"]
[Black "Kuczynski, Robert"]
[Result "0-1"]
[WhiteElo "2512"]
[BlackElo "2483"]
[PlyCount "90"]
[EventDate "2007.??.??"]

1. e4 c5 2. Nf3 d6 3. d4 cxd4 4. Nxd4 Nf6 5. Nc3 a6 6. Be3 e5 7. Nb3 Be7 8. f3
Be6 9. Qd2 O-O 10. O-O-O Nbd7 11. g4 Qc7 12. Kb1 b5 13. g5 Nh5 14. Nd5 Bxd5 15.
exd5 Nb6 16. Rg1 Rab8 17. Rg4 g6 18. h4 f5 19. Rb4 f4 20. Bxb6 Qxb6 21. Bd3 Ng3
22. Qg2 Nf5 23. h5 Bd8 24. Qh3 Qc7 25. hxg6 hxg6 26. Rh1 Qg7 27. a4 Bxg5 28.
axb5 axb5 29. Rg1 Bd8 30. Rxb5 Rxb5 31. Bxb5 Qh7 32. Qf1 Ng3 33. Qd3 Bb6 34.
Rd1 g5 35. Qc3 Qc7 36. Bc6 Kg7 37. Nd2 Ba5 38. Qa3 Bxd2 39. Rxd2 Rb8 40. c4 Nf1
41. Rg2 Kf6 42. c5 Qh7+ 43. Ka2 Ne3 44. Rf2 Nc2 45. Qc3 Nb4+ 0-1

[Event "BL 0708 Bindl-Aktionär - Erfurter SK"]
[Site "?"]
[Date "2007.12.07"]
[Round "7.6"]
[White "Markos, Jan"]
[Black "Enders, Peter"]
[Result "1/2-1/2"]
[WhiteElo "2565"]
[BlackElo "2441"]
[PlyCount "98"]
[EventDate "2007.??.??"]

1. d4 Nf6 2. Bg5 e6 3. e4 h6 4. Bxf6 Qxf6 5. Nc3 d6 6. Bc4 Bd7 7. Nge2 Nc6 8.
O-O O-O-O 9. f4 g6 10. Qd2 Bg7 11. Rad1 Kb8 12. Kh1 Rhe8 13. a3 Qe7 14. b4 Qf8
15. b5 Na5 16. Bd3 f5 17. exf5 gxf5 18. Na2 b6 19. Nb4 Bc8 20. Nc1 Bb7 21. Nb3
Nxb3 22. cxb3 Bxd4 23. Be2 Qg7 24. Nc6+ Bxc6 25. bxc6 Bc3 26. Qd3 Ka8 27. Rc1
Bb2 28. Rc4 Rb8 29. Rf3 b5 30. Rb4 Bxa3 31. Rxb5 Bc5 32. Ra5 Rg8 33. Rg3 Qd4
34. Qxd4 Bxd4 35. Rd3 Rb4 36. Ra4 Rxa4 37. bxa4 Bc5 38. Rh3 Rb8 39. g3 Rh8 40.
Ba6 h5 41. Kg2 e5 42. Be2 exf4 43. Rxh5 Rxh5 44. Bxh5 fxg3 45. Kxg3 Kb8 46. Kf4
Kc8 47. Kxf5 Kd8 48. Ke6 a5 49. Bg6 Bf2 1/2-1/2

[Event "BL 0708 SC Eppingen - TV Tegernsee"]
[Site "?"]
[Date "2007.12.07"]
[Round "7.4"]
[White "Acs, Peter"]
[Black "Ribli, Zoltan"]
[Result "1/2-1/2"]
[WhiteElo "2548"]
[BlackElo "2577"]
[PlyCount "28"]
[EventDate "2007.??.??"]

1. d4 d5 2. c4 c6 3. Nf3 Nf6 4. e3 Bf5 5. Nc3 e6 6. Nh4 Bg6 7. Qb3 Qc7 8. Nxg6
hxg6 9. Bd2 Nbd7 10. g3 Be7 11. Rc1 Rc8 12. Qd1 O-O 13. c5 e5 14. Bh3 Rcd8
1/2-1/2

[Event "BL 0708 SC Eppingen - TV Tegernsee"]
[Site "?"]
[Date "2007.12.07"]
[Round "7.5"]
[White "Rozentalis, Eduardas"]
[Black "Guliyev, Namig"]
[Result "1-0"]
[WhiteElo "2581"]
[BlackElo "2560"]
[PlyCount "147"]
[EventDate "2007.??.??"]

1. e4 c5 2. c3 d5 3. exd5 Qxd5 4. d4 Nf6 5. Nf3 Bg4 6. Be2 e6 7. h3 Bh5 8. c4
Qd8 9. Nc3 cxd4 10. Nxd4 Bxe2 11. Qa4+ Qd7 12. Qxd7+ Nbxd7 13. Kxe2 Rc8 14. b3
a6 15. Bb2 Bc5 16. Rhd1 Ke7 17. Rac1 Rhd8 18. Na4 Ba7 19. Bc3 Nc5 20. Nxc5 Bxc5
21. b4 Ba7 22. Bb2 g6 23. f4 b5 24. Nc6+ Rxc6 25. Bxf6+ Kxf6 26. Rxd8 bxc4 27.
a4 c3 28. Kd3 Ke7 29. Ra8 Rd6+ 30. Kxc3 Be3 31. Rb1 Bxf4 32. Ra7+ Kf6 33. Rf1
Ke5 34. Rxf7 Bd2+ 35. Kb3 Rb6 36. Kc2 Bxb4 37. Rxh7 Rc6+ 38. Kb3 Bd2 39. Rf3 g5
40. Rd7 Bf4 41. g3 Ke4 42. Rc3 Rb6+ 43. Kc2 Be5 44. Rc4+ Kf5 45. Rd3 Rb2+ 46.
Kd1 Rb1+ 47. Ke2 Rb2+ 48. Kf3 Ra2 49. Rc5 Kf6 50. Ra5 Rh2 51. Kg4 Re2 52. Rxa6
Re4+ 53. Kf3 Rb4 54. Re3 Rc4 55. g4 Rb4 56. a5 Ra4 57. Ke2 Ra1 58. Re4 Ra3 59.
Rc4 Bf4 60. Rcc6 Ke5 61. Rxe6+ Kd4 62. Re8 Rxh3 63. Rae6 Rh2+ 64. Kd1 Ra2 65.
Rd8+ Kc5 66. a6 Bc7 67. Rd2 Ra1+ 68. Ke2 Bf4 69. Rd7 Bb8 70. Rb7 Bd6 71. a7
Ra2+ 72. Kd3 Kc6 73. Rf7 Kd5 74. Re8 1-0

[Event "BL 0708 SC Eppingen - TV Tegernsee"]
[Site "?"]
[Date "2007.12.07"]
[Round "7.6"]
[White "Medvegy, Zoltan"]
[Black "Teske, Henrik"]
[Result "1/2-1/2"]
[WhiteElo "2512"]
[BlackElo "2518"]
[PlyCount "47"]
[EventDate "2007.??.??"]

1. d4 d5 2. c4 dxc4 3. Nf3 Nf6 4. e3 Bg4 5. Bxc4 e6 6. h3 Bh5 7. g4 Bg6 8. Ne5
Be4 9. f3 Bd5 10. Bb5+ c6 11. Be2 c5 12. Nc3 Nc6 13. Nxd5 Nxd5 14. Nxc6 bxc6
15. e4 Nf6 16. Be3 Qb6 17. Qb3 cxd4 18. Qxb6 axb6 19. Bxd4 Nd7 20. a3 e5 21.
Bc3 Bc5 22. O-O-O b5 23. Kc2 f6 24. h4 1/2-1/2

[Event "BL 0708 SC Eppingen - TV Tegernsee"]
[Site "?"]
[Date "2007.12.07"]
[Round "7.7"]
[White "Bromberger, Stefan"]
[Black "Vogt, Lothar"]
[Result "1/2-1/2"]
[WhiteElo "2491"]
[BlackElo "2473"]
[PlyCount "36"]
[EventDate "2007.??.??"]

1. d4 Nf6 2. c4 g6 3. Nc3 Bg7 4. g3 O-O 5. Bg2 d6 6. Nf3 c6 7. O-O Bf5 8. Ne1
Qc8 9. e4 Bh3 10. Nd3 Bxg2 11. Kxg2 e5 12. d5 Na6 13. Bg5 h6 14. Bd2 cxd5 15.
cxd5 Qc4 16. Qf3 Nb4 17. Nxb4 Qxb4 18. Rfb1 Nd7 1/2-1/2

[Event "BL 0708 SC Eppingen - TV Tegernsee"]
[Site "?"]
[Date "2007.12.07"]
[Round "7.8"]
[White "Meinhardt, Maximillian"]
[Black "Boensch, Uwe"]
[Result "0-1"]
[WhiteElo "2390"]
[BlackElo "2530"]
[PlyCount "101"]
[EventDate "2007.??.??"]

1. e4 c5 2. Nc3 Nc6 3. g3 g6 4. Bg2 Bg7 5. d3 d6 6. f4 e6 7. Nf3 Nge7 8. O-O
O-O 9. Be3 b6 10. d4 Ba6 11. Re1 Rc8 12. Bf2 Nxd4 13. Nxd4 cxd4 14. Bxd4 e5 15.
Bf2 Qd7 16. Qd2 Rfd8 17. Rad1 Bc4 18. h3 Qe6 19. a4 Qd7 20. Re3 Nc6 21. Nb5 Nd4
22. Nxd4 exd4 23. Ra3 Be6 24. g4 Qc7 25. f5 Bd7 26. Bxd4 Bxd4+ 27. Qxd4 Qxc2
28. Rd2 Qb1+ 29. Kh2 Bc6 30. Rc3 Bb7 31. Qf6 Re8 32. Rxd6 Rxc3 33. bxc3 Qa2 34.
Rd8 Qxa4 35. Qe7 Bc6 36. c4 Rxd8 37. Qxd8+ Be8 38. e5 Qd7 39. Qg5 Qc7 40. Qf4
f6 41. Bd5+ Kh8 42. Qg3 Qxe5 43. Qxe5 fxe5 44. f6 Ba4 45. g5 a5 46. Kg3 Bb3 47.
h4 a4 48. h5 gxh5 49. Kh4 a3 50. Kxh5 a2 51. Kh6 0-1

[Event "BL 0708 Werder Bremen - Hamburger SK"]
[Site "?"]
[Date "2007.12.07"]
[Round "7.2"]
[White "Areshchenko, Alexander"]
[Black "Gustafsson, Jan"]
[Result "1/2-1/2"]
[WhiteElo "2638"]
[BlackElo "2606"]
[PlyCount "65"]
[EventDate "2007.??.??"]

1. e4 e5 2. Nf3 Nc6 3. Bc4 Bc5 4. c3 Nf6 5. d3 a6 6. O-O d6 7. Bb3 Ba7 8. Re1
O-O 9. h3 h6 10. Nbd2 Re8 11. Nf1 Be6 12. N3h2 Bxb3 13. axb3 Qd7 14. Qf3 Qe6
15. b4 Ne7 16. Ng3 c6 17. Re2 Rad8 18. Bd2 d5 19. Rae1 dxe4 20. Nxe4 Nxe4 21.
dxe4 Rd6 22. Qg4 Red8 23. Qxe6 Rxe6 24. Nf1 Nc8 25. Be3 Bxe3 26. Nxe3 Nb6 27.
Ra1 Red6 28. h4 h5 29. f3 f6 30. Kf2 Kf7 31. g3 Rd3 32. Ke1 g6 33. Kf2 1/2-1/2

[Event "BL 0708 Werder Bremen - Hamburger SK"]
[Site "?"]
[Date "2007.12.07"]
[Round "7.5"]
[White "Hansen, Sune Berg"]
[Black "Nyback, Tomi"]
[Result "1-0"]
[WhiteElo "2564"]
[BlackElo "2565"]
[PlyCount "113"]
[EventDate "2007.??.??"]

1. e4 e5 2. Nf3 Nc6 3. Bc4 Bc5 4. c3 Nf6 5. d3 a6 6. Bb3 Ba7 7. O-O O-O 8. Re1
d6 9. h3 Ne7 10. Nbd2 Ng6 11. Nf1 b5 12. Ng3 Bb7 13. Nh2 d5 14. Qf3 dxe4 15.
dxe4 Ne8 16. Nf5 Kh8 17. Be3 Bxe3 18. Qxe3 Nf6 19. Rad1 Qe8 20. Ng4 Qc6 21. f3
Rae8 22. Qg5 Nxg4 23. hxg4 Qc5+ 24. Kf1 f6 25. Qxg6 hxg6 26. Ke2 Qc4+ 27. Bxc4
bxc4 28. Ne3 Bc6 29. Rd2 Rb8 30. Kf2 Bb5 31. Ree2 Rfd8 32. g5 Rd6 33. Rxd6 cxd6
34. Rd2 Rd8 35. a4 Bxa4 36. Nxc4 Kg8 37. Rxd6 Rxd6 38. Nxd6 Kf8 39. Ke3 Ke7 40.
Nb7 Bb5 41. b3 Bc6 42. Na5 Bd7 43. Kd3 Kd6 44. b4 Kc7 45. c4 Kb6 46. Kc3 Kc7
47. Nb3 Kd6 48. Nc5 Bc8 49. Kb3 a5 50. Na4 axb4 51. Kxb4 Bd7 52. Nb6 Be8 53.
c5+ Kc6 54. g4 Bf7 55. Nc4 Be8 56. gxf6 gxf6 57. g5 1-0

[Event "BL 0708 Werder Bremen - Hamburger SK"]
[Site "?"]
[Date "2007.12.07"]
[Round "7.6"]
[White "Babula, Vlastimil"]
[Black "Heinemann, Thies"]
[Result "1-0"]
[WhiteElo "2596"]
[BlackElo "2478"]
[PlyCount "101"]
[EventDate "2007.??.??"]

1. d4 Nf6 2. c4 e6 3. Nf3 b6 4. a3 Ba6 5. Qc2 Bb7 6. Nc3 c5 7. e4 cxd4 8. Nxd4
Bc5 9. Nb3 Nc6 10. Bf4 O-O 11. Rd1 e5 12. Bg5 Nd4 13. Nxd4 Bxd4 14. Bd3 h6 15.
Bh4 a5 16. O-O Qe7 17. Kh1 g5 18. Bg3 Nh5 19. Nb5 Bc5 20. Be2 Nf6 21. f3 Bc6
22. Nc3 Nh5 23. Bf2 Nf4 24. Bd3 Kh8 25. Qd2 Rg8 26. Bc2 a4 27. Rde1 Bxf2 28.
Rxf2 Qc5 29. Nd5 Qa5 30. Ne7 Qxd2 31. Rxd2 Rge8 32. Nf5 Kh7 33. g3 Ne6 34. h4
Ng7 35. Nd6 Rf8 36. hxg5 hxg5 37. f4 exf4 38. gxf4 Ne6 39. Rh2+ Kg8 40. f5 Nf4
41. f6 Ra5 42. Kg1 Ng6 43. e5 Rxe5 44. Rxe5 Nxe5 45. Bh7+ Kh8 46. Be4+ Kg8 47.
Nf5 Ng6 48. Nh6+ Kh7 49. Nxf7+ Kg8 50. Nh6+ Kh7 51. Ng4+ 1-0

[Event "BL 0708 Werder Bremen - Hamburger SK"]
[Site "?"]
[Date "2007.12.07"]
[Round "7.7"]
[White "Sebastian, Dirk"]
[Black "Fish, Gennadij"]
[Result "1/2-1/2"]
[WhiteElo "2445"]
[BlackElo "2546"]
[PlyCount "80"]
[EventDate "2007.??.??"]

1. e4 c5 2. Nf3 e6 3. d4 cxd4 4. Nxd4 a6 5. Bd3 Qc7 6. O-O Nf6 7. Qe2 d6 8. c4
Nbd7 9. f4 Be7 10. Nc3 O-O 11. Kh1 b6 12. Bd2 Bb7 13. Rae1 Rad8 14. b4 Rfe8 15.
Qe3 Bf8 16. Qh3 g6 17. f5 exf5 18. exf5 Rxe1 19. Bxe1 Re8 20. Bh4 Bg7 21. Ne6
fxe6 22. fxe6 Ne5 23. Bxf6 Bxf6 24. Rxf6 Qe7 25. Rf1 Nxd3 26. Qxd3 Qxe6 27. Kg1
Qe3+ 28. Qxe3 Rxe3 29. Rc1 Rd3 30. Rc2 Rd4 31. Ne2 Rd1+ 32. Kf2 Kf7 33. Ke3 Ke6
34. g3 Ke5 35. c5 bxc5 36. bxc5 dxc5 37. Rxc5+ Kd6 38. Rc2 Bc6 39. Nc3 Re1+ 40.
Kd4 Rf1 1/2-1/2

[Event "BL 0708 Werder Bremen - Hamburger SK"]
[Site "?"]
[Date "2007.12.07"]
[Round "7.8"]
[White "Skripchenko, Almira"]
[Black "Huschenbeth, Niclas"]
[Result "0-1"]
[WhiteElo "2438"]
[BlackElo "2318"]
[PlyCount "134"]
[EventDate "2007.??.??"]

1. e4 e5 2. Nf3 Nc6 3. Bc4 Bc5 4. c3 Nf6 5. d3 a6 6. Bb3 d6 7. Nbd2 O-O 8. Nf1
d5 9. exd5 Nxd5 10. Ng3 h6 11. O-O Be6 12. Re1 Bd6 13. d4 exd4 14. Nxd4 Nxd4
15. Qxd4 c5 16. Qd3 Bxg3 17. Qxg3 Qf6 18. Bd2 Rac8 19. c4 Ne7 20. Bc3 Qg5 21.
Qf3 Nc6 22. Qe4 Bf5 23. Qf3 Rcd8 24. Re3 Rfe8 25. Ba4 Rxe3 26. fxe3 Bg4 27. Qg3
Ne7 28. e4 Be6 29. Qxg5 hxg5 30. Rc1 Nc8 31. Bb3 Nd6 32. Ba5 Re8 33. e5 Nf5 34.
Bb6 Rc8 35. Ba4 Ne3 36. b3 Kf8 37. h3 Nf5 38. Rd1 Ke7 39. Kf2 g4 40. hxg4 Nh6
41. Kg3 Nxg4 42. Re1 Nh6 43. Rd1 f6 44. exf6+ gxf6 45. Kf4 Nf7 46. Rh1 Ng5 47.
Ke3 Kd6 48. a3 Nf7 49. Rd1+ Ke7 50. b4 cxb4 51. axb4 Ne5 52. Bc5+ Kf7 53. Rh1
Kg7 54. Bc2 Bg8 55. Bb3 b5 56. Ra1 bxc4 57. Bc2 Rc6 58. Be4 Re6 59. Bf5 Re8 60.
Rxa6 Nd3+ 61. Kd4 Nf4 62. Kc3 Re2 63. g3 Nd5+ 64. Kxc4 Ne3+ 65. Kd3 Bc4+ 66.
Kc3 Bxa6 67. Bd7 Rc2+ 0-1

[Event "BL 0708 OSC Baden Baden - SG Turm Trier"]
[Site "?"]
[Date "2007.12.16"]
[Round "7.4"]
[White "Naiditsch, Arkadij"]
[Black "Seger, Ruediger"]
[Result "1-0"]
[WhiteElo "2639"]
[BlackElo "2395"]
[PlyCount "85"]
[EventDate "2007.??.??"]

1. e4 c6 2. d4 d5 3. e5 Bf5 4. Nf3 e6 5. Be2 Ne7 6. Nbd2 c5 7. dxc5 Nec6 8. Nb3
Bxc5 9. Nxc5 Qa5+ 10. c3 Qxc5 11. O-O Nd7 12. Be3 Qe7 13. Bg5 Qc5 14. Qb3 Qb6
15. Qa3 Qa5 16. Qxa5 Nxa5 17. Nd4 h6 18. Be3 Bg6 19. Nb5 O-O 20. f4 b6 21. Rad1
Rfd8 22. Nd6 Nc6 23. c4 Ne7 24. Bf3 Rab8 25. cxd5 Nf8 26. dxe6 fxe6 27. g4 Bc2
28. Rc1 Ba4 29. Rc7 Rd7 30. Rfc1 a6 31. f5 exf5 32. gxf5 Rxd6 33. exd6 Nxf5 34.
Bf4 Bd7 35. Re1 Rd8 36. Bg4 Nd4 37. Re7 Bxg4 38. Rxg7+ Kh8 39. Rxg4 Ne2+ 40.
Kf2 Nxf4 41. Rxf4 Ne6 42. Rff7 Nxc7 43. dxc7 1-0

[Event "BL 0708 OSC Baden Baden - SG Turm Trier"]
[Site "?"]
[Date "2007.12.16"]
[Round "7.6"]
[White "Dautov, Rustem"]
[Black "Cioara, Andrei Nestor"]
[Result "1-0"]
[WhiteElo "2590"]
[BlackElo "2428"]
[PlyCount "93"]
[EventDate "2007.??.??"]

1. d4 Nf6 2. c4 e6 3. Nf3 Bb4+ 4. Bd2 c5 5. Bxb4 cxb4 6. g3 O-O 7. Bg2 d6 8.
O-O Re8 9. Qd3 a5 10. Nbd2 Nc6 11. d5 exd5 12. cxd5 Nb8 13. e4 Nbd7 14. Rfe1
Nc5 15. Qd4 Nfd7 16. Nc4 Nb6 17. Nxb6 Qxb6 18. Nd2 Na4 19. Qxb6 Nxb6 20. Rac1
Bd7 21. Rc7 Rab8 22. Rec1 Bb5 23. Bf1 Bxf1 24. Kxf1 f5 25. exf5 Nxd5 26. Rd7
Red8 27. Rxd8+ Rxd8 28. Ne4 Ne7 29. f6 gxf6 30. Nxf6+ Kf7 31. Nxh7 Kg6 32. Rc7
Nd5 33. Rxb7 Rh8 34. Ng5 Rxh2 35. Kg1 Rh8 36. Nf7 Rc8 37. Nxd6 Rc6 38. Ne4 Kf5
39. f3 Rc2 40. Rb5 Ke6 41. Rxa5 Rxb2 42. a3 b3 43. Rb5 Rb1+ 44. Kh2 b2 45. Nd2
Ra1 46. Rxb2 Rxa3 47. Ne4 1-0

[Event "BL 0708 OSC Baden Baden - SG Turm Trier"]
[Site "?"]
[Date "2007.12.16"]
[Round "7.7"]
[White "Ionescu, Doru Alexandru"]
[Black "Schlosser, Philipp"]
[Result "1/2-1/2"]
[WhiteElo "2377"]
[BlackElo "2579"]
[PlyCount "33"]
[EventDate "2007.??.??"]

1. e4 c5 2. d3 Nc6 3. g3 g6 4. Bg2 Bg7 5. f4 d6 6. Nf3 e5 7. O-O Nge7 8. f5
gxf5 9. Nh4 f4 10. Qh5 Nd4 11. Na3 Ng8 12. c3 Nf6 13. Qd1 Bg4 14. Qa4+ Bd7 15.
Qd1 Bg4 16. Qa4+ Bd7 17. Qd1 1/2-1/2

[Event "BL 0708 OSC Baden Baden - SG Turm Trier"]
[Site "?"]
[Date "2007.12.16"]
[Round "7.8"]
[White "Doettling, Fabian"]
[Black "Jeitz, Christian"]
[Result "1/2-1/2"]
[WhiteElo "2541"]
[BlackElo "2183"]
[PlyCount "113"]
[EventDate "2007.??.??"]

1. d4 Nf6 2. Nf3 g6 3. c4 Bg7 4. Nc3 d5 5. Qb3 dxc4 6. Qxc4 O-O 7. e4 Nfd7 8.
Be3 Nc6 9. Rd1 Nb6 10. Qb3 Bg4 11. d5 Ne5 12. Be2 Nxf3+ 13. gxf3 Bh5 14. Rg1
Qd6 15. Rg3 a5 16. Nb5 a4 17. Qc2 Qb4+ 18. Bd2 Qxb2 19. Qxc7 Nc8 20. Bc3 Bxc3+
21. Qxc3 Qxc3+ 22. Nxc3 Nd6 23. f4 Bxe2 24. Kxe2 Rfc8 25. e5 Nf5 26. Rgd3 Rc4
27. Kf3 Nd4+ 28. Rxd4 Rxc3+ 29. R1d3 Rxd3+ 30. Rxd3 Rc8 31. Ke4 Kf8 32. d6 exd6
33. exd6 Rc4+ 34. Kd5 Rc2 35. a3 Ke8 36. Re3+ Kd8 37. Re7 Rxf2 38. Rxf7 Rxh2
39. Rxb7 Rd2+ 40. Ke6 Re2+ 41. Kf6 Rd2 42. Rxh7 Rxd6+ 43. Kg5 Rd3 44. Kxg6 Rxa3
45. Ra7 Ra1 46. f5 a3 47. f6 a2 48. Kf7 Kc8 49. Ra3 Kd7 50. Rd3+ Kc6 51. Rd2
Kc5 52. Rg2 Kc4 53. Kg7 Kb3 54. f7 Rf1 55. Rxa2 Kxa2 56. f8=Q Rxf8 57. Kxf8
1/2-1/2

[Event "BL 0708 Godesberger SK - SC Remagen"]
[Site "?"]
[Date "2008.02.08"]
[Round "7.1"]
[White "Ivanchuk, Vassily"]
[Black "Kasimdzhanov, Rustam"]
[Result "1/2-1/2"]
[WhiteElo "2787"]
[BlackElo "2690"]
[PlyCount "50"]
[EventDate "2008.??.??"]

1. e4 e5 2. Nf3 Nc6 3. Nc3 Nf6 4. Bb5 Bb4 5. O-O O-O 6. d3 d6 7. Bg5 Bxc3 8.
bxc3 Qe7 9. Bxc6 bxc6 10. Nd2 h6 11. Bh4 Qe6 12. c4 Nd7 13. Rb1 c5 14. Bg3 Rb8
15. Rb3 Rb6 16. Ra3 a6 17. Rb3 f5 18. exf5 Rxf5 19. Qe2 Qf7 20. Ne4 Rxb3 21.
axb3 Bb7 22. f3 Nf8 23. Bf2 Ne6 24. Be3 Qg6 25. Kh1 Rf8 1/2-1/2

[Event "BL 0708 Godesberger SK - SC Remagen"]
[Site "?"]
[Date "2008.02.08"]
[Round "7.2"]
[White "Lutz, Christopher"]
[Black "Avrukh, Boris"]
[Result "1/2-1/2"]
[WhiteElo "2588"]
[BlackElo "2641"]
[PlyCount "82"]
[EventDate "2008.??.??"]

1. e4 e5 2. Nf3 Nc6 3. Bb5 a6 4. Ba4 Nf6 5. O-O b5 6. Bb3 Bc5 7. a4 Rb8 8. axb5
axb5 9. Nxe5 Nxe5 10. d4 Bxd4 11. Qxd4 d6 12. c3 O-O 13. f3 Be6 14. Bc2 b4 15.
cxb4 Nc6 16. Qd1 Nxb4 17. Bg5 c6 18. Rf2 h6 19. Bh4 d5 20. exd5 Qxd5 21. Bxf6
Qxd1+ 22. Bxd1 gxf6 23. Rd2 Rfd8 24. Ba4 Kg7 25. b3 Rxd2 26. Nxd2 Rd8 27. Ne4
f5 28. Nc5 Rd2 29. Nxe6+ fxe6 30. Rc1 Nd3 31. Ra1 Nf4 32. g3 Ne2+ 33. Kf2 c5
34. Ke3 Rb2 35. f4 Kf6 36. Kd3 Ke7 37. Bc6 Kd6 38. Ra6 Nd4 39. Bb5+ Kc7 40. Bc4
Rxh2 41. Bxe6 Kb7 1/2-1/2